000 00316nam a22001337a 4500
999 _c161297
_d161297
020 _a
082 _a
_b
100 _aJijab Rao Patil
245 _aSurendra varma:
_bvyakti aur abhivyakti /
_cby Jijab Rao Patil.
260 _aKanpur:
_bVidya Prakashan,
_c2011.
300 _a200p.
650 _a
942 _cBK